Houses of multiple occupation and selective licensing (Record no. 30881)

MARC details
000 -LEADER
fixed length control field 00536nam a2200181Ia 4500
020 ## - INTERNATIONAL STANDARD BOOK NUMBER
ISBN 9781032286662
050 ## - CALL MARK
Classification number HD 728.78 .B26/
100 ## - STATEMENT OF RESPONSIBILITY--MAIN AUTHOR NAME
Personal name Borisova, Neli.
245 #0 - TITLE STATEMENT
Title Houses of multiple occupation and selective licensing
260 ## - PUBLICATION, DISTRIBUTION, ETC. (IMPRINT)
Place of publication New York
260 ## - PUBLICATION, DISTRIBUTION, ETC. (IMPRINT)
Name of publisher Routledge
260 ## - PUBLICATION, DISTRIBUTION, ETC. (IMPRINT)
Year of publication 2023
300 ## - PHYSICAL DESCRIPTION
Number of Pages ix, 195p.: ill.
650 ## - SUBJECT ADDED ENTRY--TOPICAL TERM
Topical Term Apartment houses--Law and legislation--England. Apartment houses--Law and legislation--Wales.
942 ## - ADDED ENTRY ELEMENTS (KOHA)
Koha item type Books
Holdings
Withdrawn status Lost status Source of classification or shelving scheme Damaged status Not for loan Permanent Location Current Location Shelving location Date acquired Accession Number Price effective from Koha item type
    Library of Congress Classification     NILE UNIVERSITY OF NIGERIA - MAIN LIBRARY NILE UNIVERSITY OF NIGERIA - MAIN LIBRARY Items on shelf 04/23/2025 0198310 04/23/2025 Books